Statistics for Port Adelaide Power Theme Song

Click here to take the quiz!

General Stats

  • This quiz has been taken 139 times
  • The average score is 128 of 169

Answer Stats

Answer% Correct
Power
100%
We
100%
The
99%
To
99%
Win
99%
A
96%
Port
96%
Adelaide
95%
Go
95%
On
90%
Come
89%
Got
89%
In
85%
Stop
85%
Til
85%
It's
82%
Never
82%
Rule
82%
Top
82%
History
81%
We've
81%
Tradition
80%
Making
79%
Sport
79%
Wear
79%
Agression
77%
More
76%
Then
76%
True
76%
We'll
75%
Are
74%
Flag
73%
Our
73%
We're
73%
From
71%
For
69%
Is
69%
Give
68%
Ours
67%
Taking
67%
Here
50%
There's
46%
And
43%
Till
43%
Alberton
40%
Black
40%
Strong
40%
Crowd
39%
White
39%
Teal
38%
So
37%
Silver
33%
Can't
32%
Wrong
32%
With
29%
All
24%
Standing
23%
One
21%
Right
20%
Supporters
20%
Believers
19%
Heroes
19%
Tall
19%
Those
17%
Earned
13%
Who've
13%
Prowd
11%

Score Distribution

Percentile by Number Answered

Percent of People with Each Score

Your Score History

You have not taken this quiz